Statystyki dla Dopasuj kluby do państw

Kliknij tutaj aby rozwiązać quiz!

Ogólne statystyki

  • Ten quiz został rozwiązany 543 razy
  • Średni wynik to 14 z 20

Statystyki odpowiedzi

KlubPaństwo% Poprawnych
Newcastle UnitedAnglia
99%
Cagliari CalcioWłochy
97%
Fortuna DüsseldorfNiemcy
92%
Fk RostovRosja
88%
Club BruggeBelgia
85%
Sc BragaPortugalia
83%
Zoria ŁugańskUkraina
83%
River PlateArgentyna
81%
UtrechtHolandia
78%
Sturm GrazAustria
73%
Hajduk SplitChorwacja
73%
Slovan LiberecCzechy
73%
Racing SantanderHiszpania
70%
Charlton AthleticAnglia
68%
Chivas GuadalajaraMeksyk
52%
WatefordIrlandia
50%
Crewe AlexandreAnglia
46%
Europa FCGibraltar
39%
Academica ClinceniRumunia
23%
Virtus EntellaWłochy
23%

Rozkład punktacji

Percentyl według liczby udzielonych odpowiedzi

Procent ludzi z każdym wynikiem

Twoja historia wyników

Nie rozwiązałeś tego quizu